Návrh a realizácia komunikačného zariadenia UNI-K-0.3

Salvato in:
Dettagli Bibliografici
Autore principale: Bednárik, Peter (Autore)
Altri autori: Gašpar, Gabriel (Relatore della tesi)
Natura: Manoscritto Libro
Lingua:slovacco
Pubblicazione: 2021
Soggetti:
Accesso online:http://is.stuba.sk/zp/portal_zp.pl?podrobnosti=164318
Tags: Aggiungi Tag
Nessun Tag, puoi essere il primo ad aggiungerne!!

MARC

LEADER 00000ntm a22000003a 4500
001 stuzp82954
003 SK-STU
005 20210612211344.2
007 ta
008 150427s2015----xo-----f-mn---000-0-slo-d
040 |a STU  |b slo 
041 0 |a slo 
100 1 |a Bednárik, Peter  |u 066000  |k Z4  |4 aut  |U MTF Materiálovotechnologická fakulta  |T MTF Ústav aplikovanej informatiky, automatizácie a mechatroniky  |X 71904  |U M6000  |Y 86  |7 71904 
242 0 1 |a Design and implementation of communication device UNI-K-0.3  |y eng 
245 1 0 |a Návrh a realizácia komunikačného zariadenia UNI-K-0.3 
260 |c 2021 
650 4 |a RS232  |2 slo 
650 4 |a I2C  |2 slo 
650 4 |a ETHERNET  |2 slo 
650 4 |a vážiaci systém  |2 slo 
650 4 |a digitálne vstupy/výstupy  |2 slo 
650 4 |a mikrokontrolér  |2 slo 
650 4 |a RS485  |2 slo 
650 4 |a SPI  |2 slo 
650 4 |a microcontroller  |2 eng 
650 4 |a I2C  |2 eng 
650 4 |a RS232  |2 eng 
650 4 |a RS485  |2 eng 
650 4 |a SPI  |2 eng 
650 4 |a ETHERNET  |2 eng 
650 4 |a weighing system  |2 eng 
650 4 |a digital in/out  |2 eng 
700 1 |a Gašpar, Gabriel  |u 066000  |k Z8  |4 ths  |U MTF Materiálovotechnologická fakulta  |T MTF Ústav aplikovanej informatiky, automatizácie a mechatroniky  |X 44945  |U M6000  |Y 86  |7 A000044945 
856 4 |u http://is.stuba.sk/zp/portal_zp.pl?podrobnosti=164318 
996 |c M* DP-14488  |l MMSKP  |s P  |a 0  |w stuzp82954_0001